MARC details
| 000 -CABECERA |
| campo de control de longitud fija |
01790nam a2200301 a 4500 |
| 001 - NÚMERO DE CONTROL |
| campo de control |
000033117 |
| 003 - IDENTIFICADOR DEL NÚMERO DE CONTROL |
| campo de control |
OSt |
| 005 - FECHA Y HORA DE LA ÚLTIMA TRANSACCIÓN |
| campo de control |
20260305073951.0 |
| 008 - DATOS DE LONGITUD FIJA--INFORMACIÓN GENERAL |
| campo de control de longitud fija |
110817s1986 dr 000 0 spa d |
| 040 ## - FUENTE DE LA CATALOGACIÓN |
| Centro catalogador/agencia de origen |
DO-SdBNP |
| Lengua de catalogación |
spa |
| Centro/agencia transcriptor |
BNPHU |
| 082 #4 - NÚMERO DE LA CLASIFICACIÓN DECIMAL DEWEY |
| Número de clasificación |
305.42 |
| Número de documento/Ítem |
C745s |
| Número de edición |
22 |
| 245 10 - MENCIÓN DE TÍTULO |
| Título |
Condiciones socioeconómicas de la mujer trabajadora en la República Dominicana / |
| Mención de responsabilidad, etc. |
editor Frank Moya Pons. |
| 260 ## - PUBLICACIÓN, DISTRIBUCIÓN, ETC. |
| Lugar de publicación, distribución, etc. |
Santo Domingo : |
| Nombre del editor, distribuidor, etc. |
FORUM, |
| Fecha de publicación, distribución, etc. |
1986. |
| 300 ## - DESCRIPCIÓN FÍSICA |
| Extensión |
150 p ; |
| Dimensiones |
22 cm. |
| 490 1# - MENCIÓN DE SERIE |
| Mención de serie |
FORUM |
| Designación de volumen o secuencia |
21 |
| 500 ## - NOTA GENERAL |
| Nota general |
Este libro recoge las exposiciones que fueron presentadas en el encuentro sobre las condiciones socioeconómicas de la mujer trabajadora en la República Dominicana, celebrado en el Hotel Santo Domingo Sur, junio de 1985 |
| 505 0# - NOTA DE CONTENIDO CON FORMATO |
| Información miscelánea |
Presentación -- |
| Título |
Introducción / |
| Mención de responsabilidad |
Frank Moya Pons -- |
| Información miscelánea |
Palabras del Ing. Fabio Herrera Miniño -- |
| Título |
La mujer en América Latina : el impacto del cambio socioeconómico / |
| Mención de responsabilidad |
Helen I. Safa -- |
| Título |
Debate -- |
| -- |
Algunas reflexiones en torno a las estadísticas e indicadores sociales de la situación de la mujer dominicana / |
| Mención de responsabilidad |
Clara Báez -- |
| Título |
Debate -- |
| -- |
Condiciones de vida y participación económica de la mujer rural / |
| Mención de responsabilidad |
Francis Pou -- |
| Título |
Debate -- |
| -- |
Las condiciones de vida de la mujer marginada de la ciudad de Santo Domingo / |
| -- |
Teófilo Barreiro -- |
| -- |
Debate. |
| 590 ## - NOTA LOCAL (RLIN) |
| Nota local |
Inventariado, 2018/MFF |
| 650 #0 - PUNTO DE ACCESO ADICIONAL DE MATERIA--TÉRMINO DE MATERIA |
| Término de materia o nombre geográfico como elemento de entrada |
Mujeres en República Dominicana |
| 9 (RLIN) |
2066 |
| 650 #4 - PUNTO DE ACCESO ADICIONAL DE MATERIA--TÉRMINO DE MATERIA |
| Término de materia o nombre geográfico como elemento de entrada |
Mujeres |
| Subdivisión geográfica |
República Dominicana |
| Subdivisión general |
Condiciones económicas |
| 9 (RLIN) |
58782 |
| 650 #4 - PUNTO DE ACCESO ADICIONAL DE MATERIA--TÉRMINO DE MATERIA |
| Término de materia o nombre geográfico como elemento de entrada |
Mujeres |
| Subdivisión geográfica |
República Dominicana |
| Subdivisión general |
Condiciones sociales |
| 9 (RLIN) |
21072 |
| 650 #0 - PUNTO DE ACCESO ADICIONAL DE MATERIA--TÉRMINO DE MATERIA |
| Término de materia o nombre geográfico como elemento de entrada |
Mujeres en desarrollo rural |
| 9 (RLIN) |
21070 |
| 650 #4 - PUNTO DE ACCESO ADICIONAL DE MATERIA--TÉRMINO DE MATERIA |
| Término de materia o nombre geográfico como elemento de entrada |
Mujeres en el desarrollo social |
| 9 (RLIN) |
21073 |
| 700 1# - PUNTO DE ACCESO ADICIONAL--NOMBRE DE PERSONA |
| Nombre de persona |
Moya Pons, Frank, |
| Fechas asociadas al nombre |
1944- |
| Término indicativo de función/relación |
ed. |
| 9 (RLIN) |
2095 |
| 830 #0 - PUNTO DE ACCESO ADICIONAL DE SERIE-TÍTULO UNIFORME |
| Título uniforme |
FORUM |
| Designación de volumen o secuencia |
21 |
| 9 (RLIN) |
7431 |
| 910 ## - DATOS DE OPCIÓN DEL USUARIO (OCLC) |
| Datos de opción del usuario |
Validado. Control de calidad EMS |
| 942 ## - ELEMENTOS DE PUNTO DE ACCESO ADICIONAL (KOHA) |
| Fuente del sistema de clasificación o colocación |
Dewey Decimal Classification |
| Tipo de ítem Koha |
Libro |